000 00655nam a2200241Ia 4500
003 OSt
005 20220924132447.0
006 a|||||r|||| 00| 0
007 ta
008 220923b |||||||| |||| 00| 0 san d
024 _a57593
037 _cTextual
040 _aARTS
_cARTS
_bsan
041 _2san
_asan
082 _aQ1:21v, 15H5
100 _aSiddhasena Divakara
_9204312
245 0 _aVeda - vada - dvatrinsika with comm by Sukhalalaji Sanghavi
260 _c1945
490 _aBharatiya vidya granthavali; 7
650 _aRELIGION
942 _hQ1:21v, 15H5
_cTEXL
_2CC
999 _c430327
_d430327